000 00801nam a2200241 i 4500
001 5453
003 ES-MaACL
005 20250731174541.0
007 t|
008 880621s1986 sp |||| | spa d
020 _a84-7102-988-X
080 _a616-07
100 1 _aBalcells Gorina, A.
_924868
245 1 3 _aLa clínica y el laboratorio
_b: interpretación de análisis y pruebas funcionales /
_cpor Alfonso Balcells Gorina ; prólogo de M. Soriano Jiménez.
250 _a14 ed. puesta al día.
260 _aBarcelona :
_bMarin,
_c1986.
300 _aXXIV, 634 p., [2] h. pleg. ;
_c20 cm.
500 _aÍndice.
650 1 4 _aAnálisis clínicos.
_99761
700 1 _aSoriano Jiménez, Máximo,
_d1903-1978
_9107395
852 _aES-MaACL
_jL-12095
_z- Enc. plast.
999 _c5453
_d5453